Statistiques concernant Dans quelle département se situe cette commune de montagne ?

Cliquez ici pour prendre le quiz!

Statistiques générales

  • Ce quiz a été pris 70 fois
    (48 depuis la dernière actualisation)
  • Le résultat moyen est 11 sur 20

Statistiques - réponses

HintRéponse% Correct
Chamonix Mont BlancHaute-Savoie
75%
Saint Jean de MaurienneSavoie
75%
MorzineHaute-Savoie
73%
AlbertvilleSavoie
70%
BriançonHautes-Alpes
68%
SallanchesHaute-Savoie
61%
Le Grand BornandHaute-Savoie
59%
HuezIsère
59%
TignesSavoie
57%
BarcelonnetteAlpes de haute Provence
55%
Le Bourg d'OisansIsère
55%
Font-Romeu-Odeillo-ViaPyrénées-Orientales
55%
IsolaAlpes-Maritimes
50%
Les RoussesJura
50%
Saint-VeranHautes-Alpes
45%
Saint-Lary SoulanHautes-Pyrénées
45%
Bagnères de BigorreHautes-Pyrénées
43%
LarunsPyrénées-Atlantiques
41%
La GraveHautes-Alpes
34%
Bagnères de LuchonHaute-Garonne
14%

Distribution des résultats

Percentile par nombre de réponses

% des personnes avec chaque résultat

Votre développement - résultats

Vous n’avez pas pris ce quiz depuis la dernière actualisation